<?xml version="1.0" encoding="UTF-8"?>
<collection xmlns="http://www.loc.gov/MARC21/slim">
  <record>
    <leader>00000nam  2200000   4500</leader>
    <controlfield tag="001">INLIS000000000006432</controlfield>
    <controlfield tag="005">20220613021326</controlfield>
    <datafield tag="035" ind1="#" ind2="#">
      <subfield code="a">0010-0622000293</subfield>
    </datafield>
    <datafield tag="245" ind1="1" ind2="#">
      <subfield code="a">K-Pop :</subfield>
      <subfield code="b">The Modern Form of Korean Pop Music. Now K-Pop Syndrome Continues in The Love of People Around The World /</subfield>
      <subfield code="c">MONTHLY MAGAZINE</subfield>
    </datafield>
    <datafield tag="100" ind1="1" ind2="#">
      <subfield code="a">MAGAZINE, Monthly</subfield>
    </datafield>
    <datafield tag="250" ind1="#" ind2="#">
      <subfield code="a">MAJALAH 2018</subfield>
    </datafield>
    <datafield tag="300" ind1="#" ind2="#">
      <subfield code="a">56 halaman :</subfield>
      <subfield code="b">Tabel, Gambar ;</subfield>
      <subfield code="c">22,5x27 cm</subfield>
    </datafield>
    <datafield tag="260" ind1="#" ind2="#">
      <subfield code="b">National Instute of Korean Language,</subfield>
      <subfield code="c">2018</subfield>
    </datafield>
    <datafield tag="082" ind1="#" ind2="#">
      <subfield code="a">050.57</subfield>
    </datafield>
    <datafield tag="084" ind1="#" ind2="#">
      <subfield code="a">050.57 MAG k</subfield>
    </datafield>
    <datafield tag="990" ind1="#" ind2="#">
      <subfield code="a">14/MJ-18</subfield>
    </datafield>
  </record>
</collection>
